00770nam a2200253 a 4500001001300000003000900013005001700022008004100039020002300080082001600103100001800119245004400137260004400181300000900225500003500234505002400269650002100293650002000314700001800334902000800352942000700360952013200367999001700499nice12345678IN_TiNIC20260116014711.0120109s2010 lona grp 000 0 eng  a9780195476736c49500a922.97bLON aLong, Roger D aPolitical Career of Mohammad Ali Jinnah aLondan bOxford University Press c2010 a168p aincludes index and biblioraphy2 aBibliography, Index aJinnah-Biography aJinnah-Politics1 aLong, Roger D bSRS cBK 001040708StackRoom-aHMIbHMId2012-01-09g495.00l2m1o922.97 LONp023788r2020-09-17s2020-02-14v495.00w2012-01-09yBK c16528d16528